01746cam a22003977a 4500003000500000005001700005008004100022010001000063011001000073035001000083040000900093090001000102100003400112245015800146260002800304300001900332502008000351590003700431590004100468590004100509590004100550590004200591650006000633650004800693901000700741942000900748949003500757949004000792949004000832949004400872949003800916999001700954952012500971952012501096952012701221CHAP20220329141241.0971010s1944 r 00010 d a65152 a66124 a74115 cCHAP aTesis00aAmaya Brondo, Abelardo.95168 0aDistrito de riego No. 11 (Alto Río Lerma, Gto.) Proyecto y presupuesto para la construcción de la 4a. sección del riego del plan de Salamanca, Gto. aChapingo, Méx.,c1944 apág. varía aTesis (Ing. Agr. Esp. en Irrigación) -- ENA. Departamento de Irrigación aALEPHb10c20130110lUCH01h1354 aBATCH-UPDb10c20130110lUCH01h2040 aBATCH-UPDb10c20130410lUCH01h1354 aBATCH-UPDb10c20130914lUCH01h1658 aCONVERSIONb10c20130109lUCH01h133614aDistrito de Riego Alto Río Lerma, Gto. y Mich.93284114aIrrigaciónxProyectosxGuanajuato.960453 aBK cFOLL bBCcTESd-59459eTS1i74115si bBCcTESd-59461eTS2fc.2i74115si bBCcTESd-59462eTS2fc.3i74115si bIcTESd-59458eTS2fc.2h136i74115si bIcTESd-6965eTS1h135i74115si c65152d65152 00102local4053708TESISaBCbBCcPA_TESISd2012-12-17fTESISl0p-59461r2019-12-31 00:00:00tc.2w2019-12-31yTESIS 00102local4053708TESISaBCbBCcPA_TESISd2012-12-17fTESISl0p-59462r2019-12-31 00:00:00tc.3w2019-12-31yTESIS 00102local4051708TESISaBCbBCcPA_TESISd2012-12-17fTESISl0oTesisp-59459r2019-12-31 00:00:00w2012-12-17yTESIS